|
|
|
|
| LEADER |
00000nam a2200000Ii 4500 |
| 001 |
DIGBRUJ206 |
| 003 |
NyNyDIG |
| 006 |
m o d |
| 007 |
cr ||||||||||| |
| 008 |
220709s2016 ag ob 000 0 spa d |
| 035 |
|
|
|a (OCoLC)953455843
|
| 040 |
|
|
|a DGITA
|b eng
|e rda
|e pn
|c DGITA
|
| 020 |
|
|
|a 9789871925988
|q pdf
|
| 020 |
|
|
|z 9789871925971
|
| 050 |
1 |
4 |
|a HM886 ebook
|
| 082 |
0 |
4 |
|a 303.6
|
| 100 |
1 |
|
|a Kalbermatter, Cristina,
|d 1943-
|e author.
|
| 245 |
1 |
0 |
|a Violencia :
|b caras y caretas /
|c Cristina Kalbermatter.
|
| 250 |
|
|
|a 1a. edición.
|
| 264 |
|
1 |
|a Córdoba, Argentina :
|b Encuentro Grupo Editor,
|c [2016]
|
| 300 |
|
|
|a 1 online resource.
|
| 336 |
|
|
|a text
|b txt
|2 rdacontent
|
| 337 |
|
|
|a computer
|b c
|2 rdamedia
|
| 338 |
|
|
|a online resource
|b cr
|2 rdacarrier
|
| 347 |
|
|
|a text file
|2 rdaft
|
| 347 |
|
|
|b PDF
|
| 504 |
|
|
|a Includes bibliographical references.
|
| 588 |
0 |
|
|a Online resource; title from PDF title page (Digitalia, viewed July 9, 2022)
|
| 650 |
|
0 |
|a Violence.
|
| 650 |
|
0 |
|a Victims of crimes.
|
| 650 |
|
0 |
|a Social psychology.
|
| 655 |
|
0 |
|a Electronic books.
|
| 791 |
2 |
|
|a Digitalia (Firm),
|e distributor.
|
| 793 |
0 |
|
|g Digitalia eBook Collection:
|a Editorial Brujas
|
| 776 |
0 |
8 |
|i Print version:
|a Kalbermatter, Cristina, 1943-
|t Violencia.
|d Córdoba, Argentina : Encuentro Grupo Editor, [2016]
|z 9789871925971
|
| 856 |
4 |
0 |
|3 Digitalia Hispánica
|u https://www.digitaliapublishing.com/a/41898/
|
| 910 |
|
|
|a Premium collection: 2022
|